000 00496nam a2200181Ia 4500
008 240925s9999 xx 000 0 und d
020 _a9781118023808
082 _a468.2421 KRA
100 _aKraynak, Cecie
245 0 _aSpanish Grammar for Dummies
250 _aNA
260 _aNew York:
_bJohn Wiley & Sons
_c,2012.
300 _axxi,690p.
_bNA
_fOriginal
500 _aIncludes Index
600 _aHumanities & Natural Science
650 _aSpanish, Portuguese, Galician
942 _cBK
999 _c14788
_d14788